000 00610nam a2200229 a 4500
001 0001-0810
003 ELIB.Books
008 140826 2010 eng
020 _aKBTS
035 _a(ELIB.Books)0001-0964
092 _aThesis
_bKlay
100 _aKlay Htoo, Saw
245 _aTraditional beliefs and Teachings of the Karen People
260 _aKBTS; Insein
_bKaren Baptist Theological Seminary
_cKBTS; Elib.
300 _c2010
650 _aThesis
856 _nKBTS; Library
_uKBTS; Elib.
942 _2ddc
_cBK
990 _a1
998 _cbat
_e2014-08-26
999 _c10810
_d10810